Epistolae Imperatorvm, Et Regvm Hvngariae Ferdinandi Primi Et Maximiliani Secvndi Ad Svos In Porta Ottomanica Oratores, Antonivm Verantivm, Franciscvm Zay, Avgerivm Bvsbek, Albertvm Wyss, Et Christophorvm Tevffenpach

Bibliographic Details
Main Author: Miller, Jakab Ferdinánd, 1749-1823 (Author, Editor, Author of introduction, etc.)
Corporate Author: Trattner-nyomda (Budapešť, Maďarsko) (Printer)
Other Authors: Trattner, Mátyás, 1745-1828 (Printer)
Format: Book
Language:Latin
PhysicalDescription:XX [=20], 454 strán, [9] listov 8° 21 × 14 cm
Published: Pestini Typis Mathiae Trattner. C. R. Priv. Typ. 1808
ISBN:(viaz.)
Subjects:

MARC

LEADER 00000nam a2200000 a 4500
001 vtls011844322
003 SK-MaSNL
005 20260301184402.0
008 251112s1808 hu 001 0 lat
015 |a SNBHFA1808 
020 |a (viaz.) 
040 |a SNKHF  |b slo  |c SNK  |e AACR2 
041 0 |a lat 
044 |a hu  |c HU 
072 7 |a 82  |x Literatúra. Literárny život  |2 konspekt 
080 |a (044.2)  |2 2011 
080 |a 025.15  |2 2011 
080 |a (437.671)  |2 2011 
100 1 |a Miller, Jakab Ferdinánd,  |d 1749-1823  |4 aut  |4 edt  |4 aui  |9 322580 
245 1 0 |a Epistolae Imperatorvm, Et Regvm Hvngariae Ferdinandi Primi Et Maximiliani Secvndi  |b Ad Svos In Porta Ottomanica Oratores, Antonivm Verantivm, Franciscvm Zay, Avgerivm Bvsbek, Albertvm Wyss, Et Christophorvm Tevffenpach  |c Qvas Ex Avtographis Edidit Iac. Ferdin, De Miller 
260 |a Pestini  |b Typis Mathiae Trattner. C. R. Priv. Typ.  |c 1808 
300 |a XX [=20], 454 strán, [9] listov  |c 8°  |c 21 × 14 cm 
500 |a Linky 
504 |a Poznámky pod čiarou 
508 |a Predslov autora 
510 4 |a WolrdCat 848170225 
546 |a Latinčina  |b Antiqua  |b Kurzíva 
561 |a Z knižnice Učenej spoločnosti malohontskej.  |5 SNKIC 144582 
561 |a Z knižnice Učenej spoločnosti malohontskej.  |5 SNKIC 144582/D1 
562 |a Rukopisný exlibris: Peto Kubíny.  |5 SNKIC 144582 
562 |a Rukopisný exlibris: Peto Kubíny.  |5 SNKIC 144582/D1 
563 |a Väzba: modrá papierovo-kartńová lepenka.  |5 SNKIC 144582 
563 |a Väzba: modrá papierovo-kartńová lepenka, poškodená, mierne roztrhaná.  |5 SNKIC 144582/D1 
600 0 7 |a Maximilián  |b II.,  |c cisár Svätej ríše rímskej,  |d 1527-1576  |2 SNKMA  |9 129144 
600 0 7 |a Ferdinand  |b I.,  |c cisár Svätej ríše rímskej,  |d 1503-1564  |2 SNKMA  |9 127593 
650 0 7 |a listy  |2 SNKPH  |9 31005 
650 0 7 |a korešpondencia  |2 SNKPH  |9 645 
650 0 7 |a panovníci  |2 SNKPH  |9 4132 
700 0 |a Ferdinand  |b I.,  |c cisár Svätej ríše rímskej,  |d 1503-1564  |4 aqt  |9 127593 
700 0 |a Maximilián  |b II.,  |c cisár Svätej ríše rímskej,  |d 1527-1576  |4 aqt  |9 129144 
700 1 |a Trattner, Mátyás,  |d 1745-1828  |4 prt  |9 179881 
700 1 |a Kubíni, Peter,  |d 1765-1835  |4 fmo  |9 185995 
710 1 |a Učená spoločnosť malohontská  |4 fmo  |9 205374 
710 1 |a Trattner-nyomda (Budapešť, Maďarsko),  |d 1783-1827  |4 prt  |9 159178 
752 |a Maďarsko  |d Budapešť 
852 |a snk  |b Historické fondy  |p IC 144582 
852 |a snk  |b Historické fondy  |p IC 144582/D1 
999 |c 860322  |d 862252 
952 |t XIII. B. 28/ MHC 1228  |a SNK  |b SNK  |c SNK_HF  |y PREZ  |7 0  |p 17a1302728  |o snkIC 144582  |i snk2019/6027  |8 5  |0 0  |1 0  |4 0  |d 2019-03-06  |l 0  |r 2026-02-24 05:09:45  |w 2026-02-24 
952 |t XIII. B. 5/ MHC 1228/D1  |a SNK  |b SNK  |c SNK_HF  |y PREZ  |7 0  |p 17A1302729  |o snkIC 144582/D1  |i snk2019/6030  |8 5  |0 0  |1 0  |4 0  |d 2019-03-06  |l 0  |r 2026-02-24 05:09:45  |w 2026-02-24